000
00285nam a22001337a 4500
008
171011b xxu||||| |||| 00| 0 eng d
020
_a
1880157152
041
_a
eng
080
_2
2ND
_a
316
100
_a
50
101
_a
SOC
245
_a
THE GOOD LIFE
_c
PORTER,B.F
942
_2
udc
_c
BK
999
_c
33080
_d
33080